[Event "Tata Steel-A 75th"]
[Site "Wijk aan Zee"]
[Date "2013.01.15"]
[Round "4"]
[White "Nakamura, Hikaru"]
[Black "Karjakin, Sergey"]
[Result "1/2-1/2"]
[WhiteElo "2769"]
[BlackElo "2780"]
[Annotator "Krasenkow,M"]
[PlyCount "100"]
[EventDate "2013.01.12"]
[EventType "tourn"]
[EventRounds "13"]
[EventCountry "NED"]
[EventCategory "20"]
[SourceTitle "CBM 153"]
[Source "ChessBase"]
[SourceDate "2013.03.14"]
[SourceVersion "1"]
[SourceVersionDate "2013.03.14"]
[SourceQuality "1"]

1. d4 Nf6 2. c4 e6 3. Nf3 b6 4. g3 Ba6 5. Nbd2 d5 6. Bg2 Be7 7. O-O O-O 8. Ne5
c5 9. Nb3 {A rare move in this well-known theoretical position. White refrains
from committal continuations like} (9. dxc5 {or}) (9. cxd5) {and continues his
development.} 9... Bb7 10. dxc5 bxc5 11. Bg5 $146 (11. cxd5 {is harmless due to
} Bxd5 12. Bf4 Qb6 13. Qc2 Bxg2 $142 $1 (13... Na6 14. e4 Nb4 15. Qe2 Bb7 16.
Nc4 Qb5 17. Nba5 (17. a4 Qa6 18. Nba5 Bc6 19. Be5 Rad8 20. Bc3 Ba8 21. Rfd1 Ne8
22. b3 Nd6 23. Rac1 Nxc4 24. Nxc4 Nc6 25. Qb2 f6 26. Rxd8 {1/2 (26) Dothan,Y 
(2576)-Winckelmann,T (2521) ICCF Email 2003}) 17... Ba6 18. a3 Qxa5 19. axb4
Qb5 $6 (19... Bxc4 $1 20. Qxc4 Qxb4 21. Qxb4 cxb4 22. Rfd1 $44 {G.Sosonko}) 20.
Rfc1 cxb4 21. Qe1 $36 {1-0 (32) Sosonko,G (2585)-Portisch,L (2620) Tilburg 1981
}) 14. Kxg2 Nc6 15. Nxc6 Qxc6+ 16. Kg1 Nd5 17. Na5 Qa6 18. Nc4 Nxf4 19. gxf4
Rad8 $11 {1/2 (32) Jussupow,A (2555)-Polugaevsky,L (2610) Toluca 1982}) 11...
Na6 (11... Qc7 $5 12. cxd5 $1 Rd8 $1 (12... Qxe5 $143 13. d6 $1 Bxg2 14. dxe7
Re8 15. Bxf6 Qxf6 16. Kxg2 Qxe7 17. Qc2 $14) 13. Bf4 Nxd5 14. Nxf7 $5 Nxf4 15.
Nxd8 Bxg2 16. Nxe6 Nxe6 17. Kxg2 Qc6+ 18. Kg1 a5 $132) 12. Qd2 Rc8 13. Rac1 Qc7
14. Bxf6 Bxf6 15. Ng4 Be7 16. cxd5 exd5 17. Qa5 (17. Bxd5 Rfd8 18. e4 Nb4 19.
Ne3 Ba6 20. Rfd1 Nxa2 $11 {K.Landa}) 17... Qd7 (17... Qb6 $142 $11) 18. Ne3 d4
$6 (18... c4 $5 19. Nd4 Bg5 $132) 19. Bxb7 Qxb7 20. Nf5 Rfe8 21. Nxe7+ Rxe7 22.
Nxc5 Nxc5 23. Rxc5 h6 $6 {After a lot of minor inaccuracies - a major one.
White now keeps an extra pawn.} (23... Rce8 $142 $1 {, and White has hardly
anything better than} 24. Rc2 (24. Qb5 Qxb5 25. Rxb5 Rxe2 26. Rd1 Re1+ 27. Rxe1
Rxe1+ 28. Kg2 Kf8 $11) 24... h6 25. Qd2 (25. Rb1 $144 Re5 26. Qd2 Rxe2 27. Qxe2
Rxe2 28. Rxe2 Qa6) 25... Rxe2 26. Qxe2 Rxe2 27. Rxe2 Qa6 28. Rd2 Qxa2 29. Rfd1
Qb3 30. Rxd4 Qxb2 31. Ra4 {[%cal Yd1a1,Ya4a7] (K.Landa) Generally, the endgame
2R+3p vs Q+3p with pawns on the same side is theoretically drawn but defence
is not easy.}) 24. Rxc8+ Qxc8 25. Re1 Qa8 26. f3 (26. Qf5 $142 {K.Landa}) 26...
Qc8 27. Qd5 Rd7 28. Qf5 g6 29. Qd3 {[%cal Ye1d1,Ye2e4]} Rd5 {It was better for
Black to prevent e2-e4:} (29... Qc5 $5 30. Rd1 Kg7 31. Kg2 Re7 32. Kf1 Rd7 33.
e4 $140 $6 dxe3 $1 34. Qxd7 Qc2 35. Qd4+ Kg8 36. Qxe3 Qxd1+ 37. Kg2 a5 {
[%csl Rg2]}) 30. e4 Rc5 31. Re2 Rc4 (31... Qh3 32. Rd2 $1 Rc1+ 33. Rd1) 32. Kg2
Qc5 33. e5 Kg7 34. Qe4 (34. g4 $5 {K.Landa} Rc1 35. Kh3 {[%cal Re5e6]}) 34...
Rc1 35. f4 Qc4 36. e6 fxe6 37. b3 Qc5 38. Qxe6 Rc2 39. Qe4 Rxe2+ 40. Qxe2 {
[%mdl 4096]} Qc3 {In this queen endgame Black's d-pawn gives him good drawing
chances.} 41. Qe7+ Kg8 42. Qe4 d3 $5 {This sacrifice looks risky but Black's
conclusion that White can't stop his d-pawn is apparently correct.} (42... Kg7
43. Qb7+ Kf6 44. Qa6+ Kf7 45. Qxa7+ Kf6 {may be also enough for a draw.}) 43.
Qxg6+ ({The immediate} 43. Kf3 Qc2 $1 {, and now} 44. Qc4+ {is not dangerous
for Black:} Kg7 45. Ke3 Qe2+ 46. Kd4 Qxa2 47. Kxd3 Qxh2 {K.Landa} 48. Qd4+ Kg8
49. Qd5+ Kg7 50. Qb7+ Kf6 $11) 43... Kf8 44. f5 $6 (44. Kf3 $5 {brings the
king closer to Black's pawn; however, after} Qc2 $1 {White has plenty of
checks but can't make any progress. If} 45. Qxh6+ Kf7 46. Qh7+ Kf8 {[%cal
Rc2e2,Rd3d2]} 47. Qe4 {then} Qd1+ 48. Kg2 Qc2+ 49. Kh3 Qe2) 44... Qc2+ 45. Kf3
d2 {, and White must give a perpetual:} 46. Qxh6+ Ke8 47. Qe6+ Kd8 48. Qd6+ Kc8
49. Qe6+ Kc7 50. Qe7+ Kb6 1/2-1/2

[Event "Tata Steel-A 75th"]
[Site "Wijk aan Zee"]
[Date "2013.01.18"]
[Round "6"]
[White "Aronian, Levon"]
[Black "Leko, Peter"]
[Result "1-0"]
[WhiteElo "2802"]
[BlackElo "2735"]
[Annotator "Krasenkow,M"]
[PlyCount "117"]
[EventDate "2013.01.12"]
[EventType "tourn"]
[EventRounds "13"]
[EventCountry "NED"]
[EventCategory "20"]
[SourceTitle "CBM 153"]
[Source "ChessBase"]
[SourceDate "2013.03.14"]
[SourceVersion "1"]
[SourceVersionDate "2013.03.14"]
[SourceQuality "1"]

1. d4 Nf6 2. c4 e6 3. Nf3 b6 4. g3 Ba6 5. Qc2 c5 6. d5 exd5 7. cxd5 Bb7 8. Bg2
Nxd5 9. O-O Nc6 10. Rd1 Be7 11. Qa4 Nf6 12. e4 O-O 13. e5 Ne8 14. Nc3 Nc7 15.
Be3 {The present line (one of the most important in this gambit system) was
examined in CBM 127, annotations to Akopian - Palac. Several important games
have been played since.} Qe8 (15... f5 16. exf6 (16. e6 Nxe6 17. Ne5 Nxe5 18.
Bxb7 {1/2 (18) Potkin,V (2653)-Volokitin,A (2677) Aix-les-Bains 2011}) 16...
Bxf6 17. Rd6 Be7 18. Rd2 d5 19. Bf4 $44 d4 $2 20. Nxd4 $1 Nxd4 21. Bxb7 Bg5 22.
Qc4+ Kh8 23. Bxg5 Qxg5 24. Rxd4 $1 cxd4 25. Ne4 $16 {1-0 (31) Cheparinov,I 
(2659)-Drenchev,P (2493) Plovdiv BUL 2012}) (15... f6 16. Rd2 (16. exf6 $5 {
- see 15...f5}) (16. Bh3 $5 f5 17. Bf1) 16... Qe8 (16... fxe5 17. Nxe5 Nxe5 18.
Bxb7 Rb8 19. Be4 d6 20. Bf4 Nf7 {0-1 (39) Gnusarev,P (2373)-Bocharov,D (2606)
Tomsk 2009} 21. Rad1 $14) 17. Rad1 Rd8 18. exf6 Bxf6 19. Bxc5 bxc5 20. Qb3+ Ne6
21. Qxb7 Ned4 22. Nxd4 Bxd4 23. Qb3+ Kh8 24. Nb5 Rb8 $5 25. Qa4 Qh5 26. Nxd4
Nxd4 27. Qxd7 Rxb2 28. Qe7 Rfb8 29. h3 Rxa2 30. Rxa2 Qxd1+ 31. Kh2 Nf3+ 32.
Bxf3 Qxf3 33. Qxc5 h6 34. Ra3 Qb7 35. Rxa7 Qb6 $11 {1/2 (69) Najer,E (2666)
-Motylev,A (2695) Khanty-Mansiysk 2009}) (15... Qc8 $5 16. Rd2 Na5 $1 {is
probably the simplest way to equalise} (16... a6 $143 17. Rad1) 17. Qxd7 Re8
18. Qxc8 Raxc8 19. Rdd1 Bf8 $11 {1/2 (42) Baumgartner,U (2230)-Van Tricht,M 
(2209) Lechenicher SchachServer 2009}) 16. Nd2 $146 {This novelty meets an
adequate reaction, and Black avoids problems.} (16. Rd2 Rd8 (16... Na5 $5 17.
Qxd7 Rc8 $11) 17. Re1 Ba8 18. Ne4 Ne6 19. a3 Kh8 20. Qc2 h6 21. g4 Ncd4 22.
Nxd4 cxd4 23. Bxd4 Nxd4 24. Rxd4 d6 $11 {1/2 (29) Wang Yue (2736)-Leko,P (2747)
Elista 2008}) 16... Rb8 17. Nc4 b5 $5 18. Nxb5 Nxb5 19. Qxb5 Nxe5 20. Nxe5 (20.
Bxb7 Nxc4 21. Bf4 d6 22. Qxc4 Rxb7 23. Bxd6 Bxd6 24. Rxd6 Qe5 25. Rd5 Qxb2 26.
Rc1 $11) 20... Bxg2 21. Qxd7 Ba8 22. Rd2 Rd8 23. Qxe8 Rfxe8 $11 {Black has an
inferior pawn structure but the bishop pair.} 24. Rad1 Rxd2 25. Rxd2 f6 26. Nc4
Rd8 $6 {A strange decision - to give up a pawn. Still, Black can hold the
endgame.} (26... Bc6 $11 27. Na5 $140 Bf3) 27. Rxd8+ Bxd8 {[%mdl 4096]} 28.
Bxc5 a6 29. Kf1 Kf7 30. Ke2 Ke6 31. Kd3 g5 32. Kd4 h5 33. b3 Bc7 34. Bb6 Bd6
35. Bd8 Bb4 36. a3 Be1 37. Ke3 Bc3 38. Bc7 Bc6 39. Kd3 Ba1 40. f4 Bb5 41. a4
Bc6 42. Na5 Bg2 43. Kc4 Kd7 44. Bb8 Bf1+ 45. Kc5 Bc3 46. Nc4 Be2 47. f5 Be1 48.
Nb6+ Ke8 49. b4 Bf2+ 50. Kc6 Bxb6 $2 {Too early.} (50... Bd3 $142 51. Nd5 Bxf5
52. Nxf6+ Kf7) 51. Kxb6 Kd7 52. Kb7 Bd3 (52... Bd1 $2 53. Kxa6 Bxa4 54. b5 Bc2
55. b6 Bxf5 56. b7 Be4 57. Kb6 Ke6 58. Bc7 Bxb7 59. Kxb7 $18) (52... h4 $5 53.
gxh4 gxh4 54. Bf4) 53. Ba7 (53. b5 axb5 54. a5 $6 Be4+ 55. Kb6 $4 b4 $19) 53...
Bc2 $2 {This move definitely loses. It is still unclear whether White can win
after other continuations. Creating a passed pawn and giving Black his own one
by means of b4-b5 a6xb5 a4-a5 is double-edged so his main plan is Kb7-b6 and
b4-b5.} (53... g4 $2 {loses due to a brilliant zugzwang:} 54. Bd4 $1 Ke7 55.
Kb6 $22 Bc4 (55... Kf7 $144 56. b5 axb5 57. axb5 Ke7) 56. b5 axb5 57. axb5 Bd3
(57... Kd7 58. Bxf6) 58. Kc6 Kd8 59. b6 $1 Kc8 60. b7+ Kb8 61. Ba7+ $1 Kxa7 62.
Kc7 $18) (53... h4 54. gxh4 ({but not} 54. Bd4 hxg3 55. hxg3 Ke7 56. Kb6 Be2
57. b5 axb5 58. axb5 Bg4 59. Kc7 Bxf5 60. b6 Be4 61. b7 Bxb7 62. Kxb7 Ke6 $11 {
[%cal Ye6f5,Yf5g4,Yf6f5,Yf5f4]}) 54... gxh4 55. h3 $1 (55. Bf2 $2 h3) 55... Kd6
$1 56. Bf2 $1 Ke5 57. Bxh4 Kxf5 58. Kb6 {[%cal Yb4b5] , and only deep analysis
can show whether White wins. He has serious chances as his bishop can support
any of his passed pawns and stop Black's f-pawn along the same diagonal (Bf2 -
Ph4 or b6) - a very important principle described in endgame manuals.}) (53...
Ke7 54. Bd4 h4 (54... Kf7 55. Kb6 Ke7 56. b5 axb5 57. axb5 Kd7 58. Bxf6 Bxf5
59. Ka7 Be4 60. Bxg5 $18) 55. gxh4 gxh4 56. h3 {leads to a similar position as
after 53...h4} (56. Kb6 $143 h3 $1)) 54. Kxa6 Bxa4 55. b5 Bc2 56. Bd4 Bd3 (
56... Kc8 57. b6 Kb8 $8 58. Bxf6 Bd3+ 59. Ka5 Bxf5 60. Bxg5 $18 {_|_}) 57. Bxf6
Kc8 58. Bxg5 Bxf5 59. Ka7 {White moves his pawn to b6 and then creates a
decisive second passed pawn on the kingside.} 1-0

[Event "Dortmund SuperGM 37th"]
[Site "Dortmund"]
[Date "2009.07.06"]
[Round "5"]
[White "Leko, Peter"]
[Black "Bacrot, Etienne"]
[Result "1-0"]
[WhiteElo "2756"]
[BlackElo "2721"]
[Annotator "Krasenkow,M"]
[PlyCount "77"]
[EventDate "2009.07.02"]
[EventType "tourn"]
[EventRounds "10"]
[EventCountry "GER"]
[EventCategory "20"]
[SourceTitle "CBM 131"]
[Source "ChessBase"]
[SourceDate "2009.07.15"]
[SourceVersion "1"]
[SourceVersionDate "2009.07.15"]
[SourceQuality "1"]

1. d4 Nf6 2. c4 e6 3. Nf3 b6 4. g3 Ba6 5. Qc2 Bb7 6. Bg2 c5 7. d5 exd5 8. cxd5
Nxd5 9. O-O Be7 10. Rd1 Nc6 11. Qa4 Nf6 {This whole line was examined in CBM
127, annotations to Akopian-Palac; however, some new developments have taken
place since then.} 12. Nh4 $5 {A good fresh idea but} ({there is apparently
nothing wrong with} 12. e4 {, e.g.} O-O (12... Nb4 $6 13. e5 $6 (13. a3 a5 $140
14. e5) 13... Ne4 $6 (13... Ng4 14. a3 Bc6 15. Qb3 c4 $1 16. Qxc4 Bxf3 17. Bxf3
Nxe5 18. Qe2 $44) 14. a3 a5 $6 15. e6 $1 $16 {0-1 Gundavaa,B (2458)-So,W (2610)
/Al Ain UAE 2008/The Week in Chess 739 (36)}) 13. e5 Ne8 14. Nc3 Nc7 15. Be3
Qe8 16. Rd2 Rd8 17. Rad1 (17. Re1 Ba8 18. Ne4 Ne6 19. a3 Kh8 20. Qc2 h6 21. g4
Ncd4 22. Nxd4 cxd4 23. Bxd4 Nxd4 24. Rxd4 d6 25. Nxd6 Bxd6 26. Bxa8 Bxe5 27.
Rxd8 Qxd8 28. Rxe5 Qxa8 29. Qe4 {1/2 Wang Yue (2736)-Leko,P (2747)/Elista 2008/
CBM 128}) 17... f5 18. exf6 Bxf6 19. Bxc5 bxc5 20. Qb3+ Ne6 21. Qxb7 $14 {
1-0 Akopian,V (2679)-Palac,M (2583)/Kallithea 2008/CBM 127/[Krasenkow] (41)})
12... Qc8 $146 {This novelty doesn't solve Black's problems.} (12... g6 13. Bh6
Bf8 14. Bxf8 Kxf8 15. Nc3 Kg7 16. Rd6 $44 (16. Qf4 $5) 16... Na5 $6 17. Qf4
Bxg2 18. Kxg2 h6 19. Ne4 Nxe4 20. Qxe4 $36 {1-0 Aronian,L (2750)-Leko,P (2751)/
Nice 2009/CBM 129 Extra (29)}) 13. Nf5 Nd4 $8 14. Bxb7 Qxb7 15. Nxd4 cxd4 16.
Rxd4 Bc5 17. Rd3 $14 {[%mdl 16] Black has no compensation for his inferior
pawn structure. Both sides complete their decelopment, and then White starts
mounting pressure.} b5 18. Qf4 O-O 19. b4 Bb6 $6 (19... Be7 $5 {[%csl Gf6] is
safer.}) 20. Bb2 Rfe8 21. e3 Rac8 22. Nd2 (22. Na3 {[%cal Ra3b5,Rb2f6]} Re6 23.
Rad1 a6 24. Bxf6 Rxf6 25. Rxd7 Qc6 {[%csl Ra3]}) 22... Bd8 {See comment to
move 19.} 23. Rd1 Rc2 24. Bxf6 Bxf6 25. a3 Ra2 {This activity comes too late.
White starts a powerful kingside attack.} 26. Nf3 Qa6 27. g4 (27. Rxd7 $142
Qxa3 28. Ng5 Ra1 29. Rxa1 Qxa1+ 30. Kg2 $16) 27... h6 28. h4 (28. Rxd7 $5 Rxa3
29. g5 hxg5 30. Nxg5) 28... Rxa3 29. Rd6 Qa4 30. g5 hxg5 31. hxg5 Ra1 32. Rxa1
Bxa1 $6 (32... Qxa1+ $5 33. Kg2 Be5 34. Qe4 Bxd6 35. Qxe8+ Bf8 36. Ne5 Qa2 37.
Qxd7 (37. Nxd7 Qd5+ 38. Kh2 Qd6+ 39. f4 Qxb4) 37... a6 38. Qe8 g6 {and Black
apparently survives.}) 33. Rxd7 Rf8 {Black has managed to swap his weak pawn
but White's pieces are dominating the board. The endgame R+N vs R+B with 3
pawns vs 2 on the kingside (quite unpleasant for Black) now looks quite
probable.} 34. Qd6 (34. Nh4 $142 $1 g6 35. Qe4 {[%cal Rh4g6]} Bg7 36. Kg2 {
[%cal Rh4g6]} Qa2 37. Qe7 {[%cal Rh4g6,Rd7a7]} Qc4 38. Kg3 Qc3 $1 39. Rxa7 Qe5+
40. Qxe5 Bxe5+ 41. f4 Bc3 42. Rb7 Bxb4 43. Kf3 $16) 34... g6 35. Nh2 Bc3 (35...
Bg7 $5 36. Ng4 $140 a5 $1) 36. Ng4 Bg7 $2 {[%mdl 8192] This loses instantly.} (
36... Bxb4 $2 37. Nf6+ Kg7 38. Qh2 Rh8 39. Qxh8+ Kxh8 40. Rd8+ Kg7 41. Rg8#) (
36... Qxb4 $142 37. Nh6+ (37. Nf6+ $2 Kg7 38. Qh2 Bxf6 39. Qh6+ Kg8 40. gxf6
Qg4+ 41. Kf1 Qc4+ $11) 37... Kg7 38. Qxb4 Bxb4 39. Rxa7 {Black is going to
lose his b-pawn but keep chances to save the endgame.}) 37. Nf6+ $1 Bxf6 38.
gxf6 {[%cal Rd6f8][%mdl 64]} Rc8 (38... Re8 39. Qe7 $1 Rxe7 40. fxe7 $18) 39.
Rxf7 $1 1-0

[Event "EU-Cup 24th"]
[Site "Kallithea"]
[Date "2008.10.23"]
[Round "7"]
[White "Akopian, Vladimir Eduardovic"]
[Black "Palac, Mladen"]
[Result "1-0"]
[WhiteElo "2679"]
[BlackElo "2583"]
[Annotator "Krasenkow,M"]
[PlyCount "81"]
[EventDate "2008.10.17"]
[EventType "team-swiss"]
[EventRounds "7"]
[EventCountry "GRE"]
[SourceTitle "CBM 127"]
[Source "ChessBase"]
[SourceDate "2008.11.13"]
[SourceVersion "1"]
[SourceVersionDate "2008.11.13"]
[SourceQuality "1"]
[WhiteTeam "Linex Magic"]
[BlackTeam "Zagreb"]
[WhiteTeamCountry "ESP"]
[BlackTeamCountry "CRO"]

1. d4 Nf6 2. c4 e6 3. Nf3 b6 4. g3 Ba6 5. Qc2 Bb7 6. Bg2 c5 7. d5 exd5 8. cxd5
Nxd5 9. O-O Be7 10. Rd1 Nc6 11. Qa4 {This move was played for the first time
in Shirov-Akopian, annotated in CBM 119 by GM I.Stohl.} Nf6 (11... Nc7 $143 $2
12. Ne5 $16 {I.Stohl}) 12. e4 (12. Nc3 O-O 13. g4 $1 Nb4 (13... h6 $5) 14. a3
Nbd5 15. Nxd5 Bxd5 16. g5 Bc6 17. Qh4 $1 Ne8 18. Ne5 Bxg2 19. Rxd7 Bb7 $5 20.
Rxd8 Rxd8 21. Be3 Rd5 22. Nf3 Nd6 23. Qa4 b5 $1 $44 {1/2 Shirov,A (2699)
-Aronian,L (2759)/Elista 2007/CBM 119/[Stohl] (46)}) 12... O-O (12... Nd4 13.
Nxd4 cxd4 14. Qxd4 Bc5 15. Qe5+ Qe7 16. Qxe7+ Kxe7 17. Nc3 Ng4 18. Rd2 Rhc8 19.
h3 Ne5 20. Nd5+ Bxd5 21. Rxd5 f6 22. b3 $14 {1-0 Elsness,F (2428)-Hammer,J 
(2494)/Moss NOR 2008/The Week in Chess 725 (43)}) 13. e5 Ne8 14. Nc3 Nc7 (14...
Qc8 $6 15. Nd5 Bd8 16. Bf4 $6 (16. Bh3 $5 $36) 16... Nc7 17. Ne3 Ne6 18. Nf5
Bc7 19. Be3 Re8 20. Qg4 $6 (20. Nd6 $13) 20... Nxe5 21. Nxe5 Bxe5 $15 {1/2
Ehlvest,J (2629)-Ivanov,A (2547)/Cali 2007/CBM 119 ext (29)}) 15. Be3 $146 {
[%mdl 8] The simplest and probably the best.} (15. Bf4 Ne6 16. Be3 Qc8 17. Rd2
Rd8 18. Rad1 Nb4 19. a3 Bc6 20. Qb3 Qb7 21. axb4 Bxf3 22. Bxf3 (22. Nd5 $142
Bxg2 23. Nxe7+ Kf8 24. Nd5 $44) 22... Qxf3 23. Qd5 Qxd5 24. Nxd5 Bf8 $13 {
1/2 Sargissian,G (2660)-Beliavsky,A (2606)/Paks HUN 2008/The Week in Chess 717
(40)}) (15. h4 $5 Ne6 16. h5 f5 17. Nd5 h6 18. a3 Rb8 19. Be3 (19. Nf4 $1 $44)
19... Qe8 20. b4 Bg5 21. Nxg5 hxg5 22. bxc5 Nxe5 23. cxb6 axb6 $17 {1/2
Jankovic,A (2532)-Palac,M (2587)/Sibenik CRO 2008/The Week in Chess 726 (32)})
15... Qe8 (15... f6 $5 16. Bh3 $5 f5 17. Bf1) 16. Rd2 Rd8 17. Rad1 f5 18. exf6
Bxf6 19. Bxc5 $5 {This tactical blow restores the material balance.} (19. Ng5
$5 {was another good option.}) 19... bxc5 20. Qb3+ Ne6 (20... d5 $142 $1 {
but after} 21. Qxb7 Rf7 22. Qb3 Rb8 23. Qa4 Rb4 24. Qc2 $14 {White keeps
pressure.}) 21. Qxb7 Ned4 (21... Rb8 22. Qxd7 Qxd7 23. Rxd7 Rxb2 24. Ne4 $14) (
21... Bd4 22. Nb5 $5) 22. Nxd4 Bxd4 23. Qb3+ Kh8 24. Nb5 d5 $5 (24... Rb8 $5
25. Qa4 Qh5) 25. Nxd4 (25. Bxd5 $4 Na5) (25. Qa4 $5) 25... Nxd4 26. Qa3 Qb5 $1
27. Qxa7 Ra8 28. Qe7 Rae8 29. Qd6 Rd8 30. Qc7 h6 $2 {[%csl Rg6] Unnecessarily
giving the g6 square to the white queen.} (30... Rc8 $5 31. Qe5 Rf5 32. Qd6 Qe8
$132) 31. Kh1 (31. f4 $5) 31... Rfe8 (31... Rc8 32. Qd6 Rcd8 33. Qg6 Rf6 34.
Qd3 $16 Qxd3 $140 35. Rxd3 Rxf2 36. b4 $1) 32. Bf1 Qb4 33. a3 Qa4 34. Bg2 Qa6 (
34... Qc4 $5 35. h4 $5) 35. h4 {White improves his position without risk.} (35.
b4 $5 {was already possible} Qxa3 (35... Ne6 36. Qf7 Rf8 37. Qg6 Rf6 38. Qc2
$16) 36. Qxc5 Nb3 37. Qc3 (37. Rd3 $5) 37... Rc8 38. Qb2 Qxb4 39. Bxd5 Re1+ $1
40. Rxe1 Qxd2 41. Qxd2 Nxd2 $16 {_|_}) 35... Qf6 36. Qf4 $5 Qe7 $6 (36... Qxf4
37. gxf4 Rf8 38. b4 Rxf4 39. bxc5 Rxh4+ 40. Kg1 Ne6 41. c6 $16) 37. Qg4 Rf8 38.
b4 {This undermining comes at the best possible moment and decides the game!}
Nb3 39. Rxd5 Rxd5 40. Bxd5 Nd2 41. Kg2 1-0

[Event "World Cup"]
[Site "Khanty-Mansiysk"]
[Date "2009.11.27"]
[Round "3.1"]
[White "Gelfand, Boris"]
[Black "Polgar, Judit"]
[Result "1-0"]
[WhiteElo "2758"]
[BlackElo "2680"]
[Annotator "Krasenkow,M"]
[PlyCount "123"]
[EventDate "2009.11.21"]
[EventType "k.o."]
[EventRounds "7"]
[EventCountry "RUS"]
[SourceTitle "CBM 134"]
[Source "ChessBase"]
[SourceDate "2010.01.18"]
[SourceVersion "1"]
[SourceVersionDate "2010.01.18"]
[SourceQuality "1"]

1. d4 Nf6 2. c4 e6 3. Nf3 b6 4. g3 Ba6 5. Qa4 Bb7 6. Bg2 c5 7. dxc5 Bxc5 8. O-O
O-O 9. Nc3 Be7 10. Rd1 Ne4 $6 $146 {[%mdl 8] A new but hardly good
continuation in this well-known position. White seizes the d6 square and
initiative.} (10... Na6 {is usually played}) (10... d6) (10... a6) ({and} 10...
Qc8 {have also been seen in GMs' practice.}) 11. Nxe4 Bxe4 12. Bf4 Qc8 13. Rac1
(13. Bd6 $5 Bxd6 14. Rxd6 {may be even more precise as White's a1 rook will go
to d1.}) 13... Rd8 14. Bd6 Bxd6 15. Rxd6 Qc5 16. Qd1 (16. Rcd1 $5) 16... Bd5 $2
{It was relatively better to give up the d7 pawn to seize the d-file:} (16...
Nc6 17. Rxd7 h6 $16) 17. Rxd5 $1 {[%mdl 64]} exd5 18. Ng5 {[%cal Rg2d5,Rd1d5,
Gd5f7,Gd5a8]} (18. Ne5 $142 $1 $18 {[%cal Rg2d5,Rd1d5,Gd5f7,Gd5a8]} Rf8 $140
19. Bxd5 Nc6 20. Nxd7) 18... Rf8 19. Bxd5 Nc6 20. Qd3 g6 21. Ne4 Qd4 $1 {
Black now holds a material balance by tactical means but his position remains
compromised.} (21... Qe7 22. Qc3 Qe5 23. Qxe5 Nxe5 24. Bxa8 Rxa8 $18 {_|_}) 22.
Qxd4 Nxd4 23. Rd1 $1 (23. Bxa8 Nxe2+) 23... Nc6 24. Nf6+ Kg7 25. Nxd7 Rfc8 26.
Rb1 $1 {[%cal Rb2b4]} Rc7 $8 27. Ne5 Nxe5 28. Bxa8 Rxc4 {White has won a pawn 
(although not in the best version) and gradually converts his material
advantage:} 29. Bd5 Rc2 30. Kf1 g5 31. Bb3 Rd2 32. Ke1 Rd7 33. h3 h6 34. f4 Ng6
35. e3 Nf8 36. Rd1 Re7 37. Kf2 Nd7 38. Kf3 Nc5 39. Bc2 Rc7 40. Rd2 Nd7 41. e4
Nf8 42. e5 Nd7 43. Kg4 b5 44. h4 gxf4 45. gxf4 a5 46. Kh5 a4 47. Rg2+ Kf8 48.
Kxh6 Rc4 49. Kg5 Nc5 50. Bf5 Rc1 51. h5 Ke7 52. h6 Rh1 53. h7 Ne6+ 54. Kg4 Nf8
55. Rc2 Nxh7 56. Rc7+ Ke8 57. Rb7 Nf8 58. Rb8+ Ke7 59. Rb7+ Ke8 60. Rxb5 Rg1+
61. Kf3 Rf1+ 62. Ke4 1-0